LEADER 01412nam2 2200301 450 001 000032993 005 20221207153258.0 100 $a20200429d1988----km-y0itay50------ba 101 0 $aita 102 $aIT 105 $ay-------001yy 200 1 $aInfrastrutture per la sicurezza della navigazione da diporto$eConvegno: Aspetti tecnici della portualità turistica, Castel dell'Ovo, 9 giugno 1988$fAntonino Sposito 210 $aNapoli$b1988$c[s.n.] 215 $a6 p.$cill.$d30 cm 225 2 $aScritti vari di grande formato$fAntonino Sposito 300 $aIn testa al frontespizio: Biennale internazionale del Mare : Mare e Turismo 410 0$12001$aScritti vari di grande formato 461 1$1001000034995$aG. Simeon - Opere 500 10$aInfrastrutture per la sicurezza della navigazione da diporto : Convegno: Aspetti tecnici della portualità turistica, Castel dell'Ovo, 9 giugno 1988$91742024 610 1 $aNavigazione da diporto$aConvegni 676 $a623.89$v21$9Navigazione 700 1$aSposito,$bAntonino$0630092 801 0$aIT$bUNIPARTHENOPE$c20200429$gRICA$2UNIMARC 912 $a000032993 951 $aColl. SIM. 2-5/11$bs.i.$cDSA$d2020 951 $aColl. SIM. 2-5 bis/11 bis$bs.i.$cDSA$d2020 996 $aInfrastrutture per la sicurezza della navigazione da diporto : Convegno: Aspetti tecnici della portualità turistica, Castel dell'Ovo, 9 giugno 1988$91742024 997 $aUNIPARTHENOPE